000 00762cab a2200217 4500
001 WB3508-03
008 090401t1999 xxu||||| |||| 00| 0 eng d
035 _a(Sirsi) u91565
041 _aeng
245 _aBuilders avoid recession
260 _c1999
350 _a0
490 _aFinancial Times
_v20 February 1999, M6; 23 February 1999, 12(2)
520 _aThere is a general mood of optimism in the construction industry as investor confidence grows, despite predictions by the Construction Confederation that the sector is unlikely to escape recession.
650 _aCONSTRUCTION COMPANY PERFORMANCE
650 _aCONSTRUCTION MARKET
650 _aFORECASTS
690 _aBUILDING AND CONSTRUCTION-ECONOMICS
942 _n0
948 _c24/02/1999
999 _c58139
_d58139